Statistics for Countries, who is my neighbours neighbour? Iran

Click here to take the quiz!

General Stats

  • This quiz has been taken 57 times
  • The average score is 11 of 13

Answer Stats

Answer % Correct
China
95%
Saudi Arabia
95%
Russia
93%
India
93%
Syria
93%
Tajikistan
88%
Georgia
88%
Uzbekistan
86%
Kuwait
86%
Jordan
86%
Kazakhstan
74%
Greece
70%
Bulgaria
67%

Score Distribution

Percentile by Number Answered

Percent of People with Each Score

Your Score History

You have not taken this quiz